Loading...
| History - American | 0 | 6 | 1 | 1 | 55 | 15 | 80.67 | 2 | 4 | 0.00 | 0.00 |
| Art - Painting/Sculpture | 0 | 5 | 0 | 0 | 50 | 42 | 77.80 | 3 | 3 | 0.00 | 0.00 |
| History - European | 0 | 4 | 0 | 0 | 40 | 52 | 82.50 | 2 | 3 | 0.00 | 0.00 |
| Philosophy - Mixed/Any | 0 | 2 | 0 | 0 | 20 | 99 | 102.50 | 1 | 1 | 0.00 | 0.00 |
| Philosophy - Enlightenment | 0 | 2 | 0 | 0 | 20 | 86 | 96.00 | 1 | 2 | 0.00 | 0.00 |
| Art - Music/Opera | 0 | 2 | 1 | 0 | 15 | 75 | 88.50 | 0 | 2 | 0.00 | 0.00 |
| Social Science - IR | 0 | 1 | 0 | 1 | 10 | 131 | 131.00 | 0 | 0 | 0.00 | 0.00 |
| Art - Other | 0 | 1 | 0 | 0 | 10 | 115 | 115.00 | 0 | 0 | 0.00 | 0.00 |
| History - Other | 0 | 2 | 2 | 0 | 10 | 47 | 73.00 | 0 | 2 | 0.00 | 0.00 |
| Literature - British poetry | 0 | 1 | 0 | 0 | 10 | 64 | 64.00 | 0 | 1 | 0.00 | 0.00 |
| Philosophy - Medieval | 0 | 1 | 0 | 0 | 10 | 86 | 86.00 | 0 | 1 | 0.00 | 0.00 |
| Religion - Islam | 0 | 1 | 0 | 0 | 10 | 129 | 129.00 | 0 | 0 | 0.00 | 0.00 |
| Art - Visual | 0 | 1 | 1 | 0 | 5 | 76 | 76.00 | 0 | 1 | 0.00 | 0.00 |
| Literature - British long fiction | 0 | 1 | 1 | 0 | 5 | 70 | 70.00 | 0 | 1 | 0.00 | 0.00 |
| History - World | 0 | 2 | 4 | 0 | 0 | 80 | 89.50 | 0 | 2 | 0.00 | 0.00 |
| Philosophy - 20th century | 0 | 0 | 1 | 0 | -5 | 0.00 | 0 | 0 | 0.00 | 0.00 | |
| Religion - Hinduism | 0 | 0 | 1 | 0 | -5 | 0.00 | 0 | 0 | 0.00 | 0.00 | |
| Social Science - Anthropology | 0 | 0 | 1 | 0 | -5 | 0.00 | 0 | 0 | 0.00 | 0.00 | |
| Literature - European long fiction | 0 | 0 | 1 | 0 | -5 | 0.00 | 0 | 0 | 0.00 | 0.00 |